| 000 | 00410cam a22001695a 4500 | ||
|---|---|---|---|
| 001 | L145374 | ||
| 002 | 17484 | ||
| 008 | 081001s xxk f 000 0 eng d | ||
| 020 | _a9780728205543 | ||
| 035 | _a(Sirsi) u145374 | ||
| 041 | 0 | _aeng | |
| 100 | 1 | _aEdwards,Simon | |
| 245 | 0 | 0 |
_aDilapidations and Service Charge Disputes _bA practical guide |
| 350 | _a£36.99 | ||
| 651 | 4 | _aENGLAND AND WALES | |
| 942 | _n0 | ||
| 999 |
_c108774 _d108774 |
||